MARC

LEADER 00000nam0a2200000 4500
001 302484
005 20231102001516.0
020 |a RU  |b 83-6064 
035 |a (RuTPU)RU\TPU\book\327691 
090 |a 302484 
100 |a 20150824d1982 km y0rusy5003 ca 
101 0 |a rus 
102 |a GE 
105 |a a z 001zy 
200 1 |a Пространственные упругопластические сейсмические колебания зданий и инженерных сооружений  |f Ш. Г. Напетваридзе, Р. В. Двалишвили, Д. К. Уклеба  |g Академия наук Грузинской ССР (АН ГрузССР), Институт строительной механики и сейсмостойкости (ИСМиС) 
210 |a Тбилиси  |c Мецниереба  |d 1982 
215 |a 118 с.  |c ил. 
320 |a Библиогр.: с. 105-116 
606 1 |a Сейсмостойкие здания и сооружения  |x Проектирование  |x Расчет  |2 stltpush  |3 (RuTPU)RU\TPU\subj\54398  |9 72555 
610 1 |a сейсмические воздействия 
610 1 |a упругопластическая устойчивость 
610 1 |a упругопластические деформации 
610 1 |a стержневые системы 
610 1 |a практические расчеты 
610 1 |a расчеты на ЭВМ 
610 1 |a численные методики 
675 |a 624.042.7  |z rus  |v 3 
700 1 |a Напетваридзе  |b Ш. Г.  |g Шио Германович  |4 070 
701 1 |a Двалишвили  |b Р. В. 
701 1 |a Уклеба  |b Д. К. 
712 0 2 |a Академия наук Грузинской ССР (АН ГрузССР)  |b Институт строительной механики и сейсмостойкости (ИСМиС)  |c (Тбилиси)  |2 stltpush  |3 (RuTPU)RU\TPU\col\19757 
801 0 |a RU  |b RuMRKP  |c 19950704  |g psbo 
801 1 |a RU  |b 63413507  |c 20150824 
801 2 |a RU  |b 63413507  |c 20190626  |g RCR 
942 |c BK